00491cam a22001577a 4500008004000000020001500040082001300055100001800068245004500086260005500131300001000186650001700196650001500213999001900228952008600247180718b2007 xxu||||| |||| 00| 0 eng d a0978482701 aI5 Ab26i aAbbott, Susan aInnovative organizationcby Susan Abbott aTorontobSchulich Executive Education Centrec2007 a188p. aOrganization aManagement c493575d493575 00104070aIIPAbIIPAd2018-08-04oI5 Ab26ipGR18002r2018-08-04w2018-08-04yGR